Vzdělání a emancipace ženy

Guardado en:
Detalles Bibliográficos
Autor principal: Jirková, Márie
Formato: Libro
Lenguaje:checo
Publicado: Praha Státní pedagogické nakladatelství 1982
Colección:Učebnice pro vysoké školy
Etiquetas: Agregar Etiqueta
Sin Etiquetas, Sea el primero en etiquetar este registro!

MARC

LEADER 00000nam a2200000 4500
001 c134841
005 20041019155302.3
041 0 |a cze 
044 |a CZ 
245 1 0 |a Vzdělání a emancipace ženy  |c Márie Jirková 
264 1 |a Praha  |b Státní pedagogické nakladatelství  |c 1982 
300 |a 162 s. 
490 1 |a Učebnice pro vysoké školy 
830 0 |a Učebnice pro vysoké školy 
100 1 |a Jirková, Márie